| 000 | 00495nam a2200181Ia 4500 | ||
|---|---|---|---|
| 001 | 45527 | ||
| 008 | 140428s9999 xx 000 0 und d | ||
| 020 | _aNA | ||
| 040 | _cPK-LaUMT | ||
| 082 |
_aRHC 891.4396 _bMAH- |
||
| 100 | _aMahr Ghalib | ||
| 245 |
_aAud-e-Hindi bismay tareekh Mahr-e-Ghalib (Urdu) _cMahr Ghalib |
||
| 260 |
_aLahore,Pakistan: _bShaikh Ilahi Bakhsh Muhamamd Jalal Uddin, _c1971 |
||
| 300 | _a184 p. | ||
| 546 | _aUR | ||
| 650 | _aPakistani literature-Urdu | ||
| 942 | _cBK | ||
| 999 |
_c43495 _d43495 |
||